| 000 | 01082nam0a22002531 4500 | ||
|---|---|---|---|
| 001 | rc\1157338 | ||
| 005 | 20250622202523.0 | ||
| 035 | _a(NLR Aleph) 006402172 | ||
| 090 |
_a5257621 _c5257621 |
||
| 100 | _a20041129d1980 |||y0rusy50 ca | ||
| 101 | 0 | _arus | |
| 102 | _aRU | ||
| 105 | _ay ||||||||| | ||
| 200 | 1 |
_aПокрышки фарфоровые _eНоменклатур. справочник НС 20.03-80 _eВзамен НС 20.003-77 _fМ-во электротехн. пром-сти, ВНИИ информ. и техн.-экон. исслед. в электротехнике |
|
| 210 |
_aМ. _cИнформэлектро _d1980 |
||
| 215 |
_a32 с. _d21 |
||
| 225 | 1 | _aЫ Серия 20 "Электрокерамические изделия" | |
| 333 | _aДСП. Экз. № 8 | ||
| 421 | 0 |
_12001#$aИзменения № 1 _1010$94250 _1210##$d1982 _1215##$a12 с.$d14х21 _1300##$aДСП. Экз. № 7 _1899##$aNLR$j80-50К/5527 _tИзменения № 1 |
|
| 801 | 0 |
_aRU _bNLR _gpsbo |
|
| 801 | 1 |
_aRU _bELAR _2rusmarc |
|
| 852 |
_aNLR _j80-50К/5527 |
||
| 942 | _cBOOK | ||
| 980 | _aNB | ||